000 01116cam a22001934a 4500
005 20250605164041.0
008 250528s ||||||||||||||||||||||||d
035 _a16997
020 _a415045460
040 _aGR-AtMCL
_bgre
_dGR-AtMCL
_eAACR2
245 1 _aDistinction / A Social Critique of the Judgement of Taste
260 _bRouledge,
_c1992
300 _a613
520 _aA major contribution to current debates on the theory of culture and a challenge to the major theoretical schools in contemporary sociology. Preface, Introduction, A Social Critique of the Judgement of Taste, The Aristocracy of Culture, The Economy of Practices, The Social Space and Its Transformations, The Habitus and the Space of Life-Styles, The Dynamics of the Field, Class Tastes and Life-Styles, The Sense of Distinction, Cultural Goodwill, The Choice of the Necessary, Culture and Politics, Conclusion: Classes and Classifications Postscript: Towards a ''Vulgar'' Critique of ''Pure'' Critiques, Appendices, Notes, Credits, Index.
700 1 _aBourdieu Pierre
_93121
942 _cBK
999 _c2438
_d2438